Loading...
Science - Other Science | 0 | 5 | 1 | 2 | 45 | 39 | 59.80 | 1 | 2 |
History - Other History | 0 | 4 | 0 | 1 | 40 | 84 | 94.25 | 0 | 0 |
Science - Biology | 0 | 3 | 0 | 0 | 30 | 57 | 65.00 | 1 | 1 |
Science - Physics | 0 | 3 | 0 | 0 | 30 | 39 | 63.00 | 0 | 2 |
History - European History | 0 | 3 | 0 | 2 | 30 | 22 | 42.00 | 1 | 3 |
Religion | 0 | 2 | 0 | 1 | 20 | 38 | 78.50 | 1 | 1 |
Geography | 0 | 2 | 1 | 0 | 15 | 36 | 57.00 | 1 | 1 |
Science - Chemistry | 0 | 1 | 0 | 1 | 10 | 98 | 98.00 | 0 | 0 |
Literature - World Literature | 0 | 1 | 0 | 0 | 10 | 76 | 76.00 | 0 | 1 |
Fine Arts - Classical Music | 0 | 1 | 0 | 0 | 10 | 74 | 74.00 | 0 | 1 |
History - American History | 0 | 1 | 0 | 0 | 10 | 54 | 54.00 | 1 | 1 |
Literature - British Literature | 0 | 1 | 0 | 1 | 10 | 115 | 115.00 | 0 | 0 |
Social Science | 0 | 1 | 1 | 1 | 5 | 104 | 104.00 | 0 | 0 |
Fine Arts - Other Fine Arts | 0 | 1 | 1 | 1 | 5 | 108 | 108.00 | 0 | 0 |
History - World History | 0 | 1 | 1 | 0 | 5 | 91 | 91.00 | 0 | 0 |
Literature - European Literature | 0 | 1 | 1 | 0 | 5 | 123 | 123.00 | 0 | 0 |
Pop Culture | 0 | 1 | 1 | 0 | 5 | 25 | 25.00 | 0 | 1 |
Philosophy | 0 | 1 | 2 | 0 | 0 | 44 | 44.00 | 0 | 1 |
Painting/Sculpture | 0 | 0 | 1 | 0 | -5 | 0.00 | 0 | 0 | |
Mythology | 0 | 0 | 1 | 0 | -5 | 0.00 | 0 | 0 |